000
00315nam a2200121Ia 4500
008
190216s9999||||xx |||||||||||||| ||und||
100
_a
Babu C J &thomas P T
245
0
_a
Electronics And Computer Science
260
_b
Calicut University Publications
_c
2002
300
_a
567
650
_a
Physics
942
_c
BK
999
_c
34692
_d
34692